00238nam a2200085Ia 4500008004100000100004700041245002600088260002900114300000900143190216s9999||||xx |||||||||||||| ||und|| a"Srivastava Cn, Johar Gs, Gupta Kp Etc..." 0aMedical Entrance Exam bKumar Publicationsc1998 a801p